Journal of diagnostic medical sonography.

Bibliographic Details
Uniform Title:Journal of diagnostic medical sonography (Online)
Corporate Author: Society of Diagnostic Medical Sonographers (U.S.)
Format: Journal
Language:English
Published: Thousand Oaks, Calif. : Sage Publications.
Subjects:
Online Availability: Check for online availability

MARC

Tag First Indicator Second Indicator Subfields
LEADER 00000cas a22000007a 4500
001 in00002242421
005 20151105051455.0
006 m d
007 cr cnu||||||||
008 010629c19859999caubr pss 0 a0eng d
010 |a  2004215683 
022 0 |a 1552-5430  |y 8756-4793 
029 1 |a OCLCS  |b 8388 
029 1 |a OCLCS  |b OP-30986 
035 |a (OCoLC)ocm47221466 
035 |a (OCoLC)47221466 
037 |b Sage Publications, 2455 Teller Road, Thousand Oaks, CA 91320 
040 |a F#A  |c F#A  |d OCLCQ  |d NSD  |d MUQ  |d TXA  |d UtOrBLW 
042 |a lcd  |a nsdp 
049 |a TXAM 
050 1 0 |a RC78.7.U4  |b J68 Electronic 
082 1 0 |a 616.07  |2 13 
130 0 |a Journal of diagnostic medical sonography (Online) 
222 0 |a Journal of diagnostic medical sonography  |b (Online) 
245 1 0 |a Journal of diagnostic medical sonography. 
264 1 |a Thousand Oaks, Calif. :  |b Sage Publications. 
310 |a Bimonthly 
336 |a text  |b txt  |2 rdacontent 
337 |a computer  |b c  |2 rdamedia 
338 |a online resource  |b cr  |2 rdacarrier 
362 1 |a Print began with vol. 1, no. 1 (Jan./Feb. 1985). 
500 |a Description based on: Volume 17, number 1 (Jan./Feb. 2001); title from banner GIF (publisher's website, viewed Sept. 13, 2004). 
500 |a Latest issued consulted: Volume 20, number 5 (Sept. 1, 2004) (viewed Sept.13, 2004). 
530 |a Also issued in print. 
538 |a Mode of access: World Wide Web. 
550 |a Official journal of the Society of Diagnostic Medical Sonographers. 
500 |a Electronic resource. 
650 0 |a Ultrasonic imaging  |v Periodicals. 
650 6 |a Échographie  |v Périodiques. 
710 2 |a Society of Diagnostic Medical Sonographers (U.S.) 
776 1 |t Journal of diagnostic medical sonography  |x 8756-4793  |w (DLC)sn 85000061  |w (OCoLC)11570399 
948 |a cataloged  |b h  |c 2007/5/22  |d c  |e pbump 
994 |a C0  |b TXA 
999 |a MARS 
999 f f |s 3615f48f-5d30-3e7b-9f04-42b133d03c4e  |i 93fc4b09-3e9f-3579-aa84-9a92971cfe58  |t 0 
952 f f |a Texas A&M University  |b College Station  |c Electronic Resources  |d Available Online  |t 0  |e RC78.7.U4 J68  |g Electronic  |h Library of Congress classification 
998 f f |a RC78.7.U4 J68  |t 0  |l Available Online